[Event "Heraklion Gazi op 13th"]
[Site "Heraklion"]
[Date "2017.08.04"]
[Round "8"]
[White "Kudriashova, Irina"]
[Black "Kharitonov, Alexandr"]
[Result "0-1"]
[WhiteElo "2103"]
[BlackElo "2558"]
[PlyCount "32"]
[EventDate "2017.07.28"]
[EventType "swiss"]
[EventRounds "9"]
[EventCountry "GRE"]
[SourceTitle "CBM 179 Extra"]
[Source "ChessBase"]
[SourceDate "2017.08.23"]
[SourceVersion "1"]
[SourceVersionDate "2017.08.23"]
[SourceQuality "1"]

1. c4 e5 2. g3 Nc6 3. Bg2 Bc5 4. Nc3 d6 5. e3 a6 6. Nge2 Ba7 7. 0-0 h5 8. d4 h4 9. Bxc6+ bxc6 10. dxe5 Bh3 11. Re1 hxg3 12. hxg3 Qg5 13. exd6 Bg4 14. Kg2 Qh5 15. d7+ Kd8 16. Rh1 Bf3+ 0-1

[Event "Heraklion Gazi op 13th"]
[Site "Heraklion"]
[Date "2017.08.03"]
[Round "7"]
[White "Palchuk, Andrii"]
[Black "Kudriashova, Irina"]
[Result "0-1"]
[WhiteElo "1847"]
[BlackElo "2103"]
[PlyCount "104"]
[EventDate "2017.07.28"]
[EventType "swiss"]
[EventRounds "9"]
[EventCountry "GRE"]
[SourceTitle "CBM 179 Extra"]
[Source "ChessBase"]
[SourceDate "2017.08.23"]
[SourceVersion "1"]
[SourceVersionDate "2017.08.23"]
[SourceQuality "1"]

1. d4 Nf6 2. Nf3 e6 3. g3 b6 4. Bg2 Bb7 5. 0-0 Be7 6. c4 0-0 7. Nc3 Ne4 8. Nxe4 Bxe4 9. Bf4 d6 10. Ne1 Bxg2 11. Nxg2 f5 12. Qc2 Nd7 13. e4 Qe8 14. exf5 exf5 15. Bd2 Qf7 16. b3 Bf6 17. Bc3 g6 18. Rfe1 Rfe8 19. Qd2 Bg7 20. Kf1 Nf6 21. f3 d5 22. Qd3 Ne4 23. Nf4 dxc4 24. bxc4 Nxc3 25. Qxc3 c5 26. Qd3 Bxd4 27. Rad1 b5 28. cxb5 Qxa2 29. Re2 Rxe2 30. Nxe2 Rd8 31. Rd2 Qa1+ 32. Rd1 Qa4 33. Rb1 c4 34. Qd1 Qxd1+ 35. Rxd1 Bb6 36. Rxd8+ Bxd8 37. Nd4 Bb6 38. Nc6 Kf7 39. Ne5+ Ke6 40. Nxc4 Kd5 41. Nd2 Kc5 42. Ke2 Kxb5 43. Kd3 Kb4 44. g4 f4 45. Ne4 a5 46. Kc2 Bd4 47. Ng5 a4 48. Kb1 Kb3 49. Ne6 Be3 50. h4 a3 51. h5 a2+ 52. Ka1 Ka3 0-1

[Event "Heraklion Gazi op 13th"]
[Site "Heraklion"]
[Date "2017.07.31"]
[Round "4"]
[White "Kudriashova, Irina"]
[Black "Fragiadakis, Emanouel"]
[Result "0-1"]
[WhiteElo "2103"]
[BlackElo "1834"]
[PlyCount "92"]
[EventDate "2017.07.28"]
[EventType "swiss"]
[EventRounds "9"]
[EventCountry "GRE"]
[SourceTitle "CBM 179 Extra"]
[Source "ChessBase"]
[SourceDate "2017.08.23"]
[SourceVersion "1"]
[SourceVersionDate "2017.08.23"]
[SourceQuality "1"]

1. e4 e5 2. d4 exd4 3. Qxd4 Nc6 4. Qe3 Bb4+ 5. Nc3 d6 6. Bd2 Be6 7. 0-0-0 Nge7 8. f4 Bg4 9. Re1 0-0 10. f5 f6 11. Qg3 Ne5 12. h4 h5 13. Nh3 c6 14. Nf4 Qa5 15. Kb1 d5 16. Ne6 Rf7 17. Be2 dxe4 18. Bxg4 Nxg4 19. Rxe4 Nxf5 20. Qf3 Bd6 21. Ra4 Qe5 22. Re1 Nxh4 23. Rxe5 Nxf3 24. gxf3 Nxe5 25. f4 Nf3 26. Bc1 f5 27. Nd4 Nxd4 28. Rxd4 Bc5 29. Rd1 Re8 30. Rh1 g6 31. a3 Bd4 32. Bd2 Rfe7 33. b4 Be3 34. Bxe3 Rxe3 35. Kb2 Rf3 36. Rd1 Re7 37. b5 Rxf4 38. Rd6 Kh7 39. bxc6 bxc6 40. Rxc6 Rd4 41. Nb5 Rb7 42. Kc3 Rdd7 43. Kb4 h4 44. a4 h3 45. Rc3 Rd4+ 46. Kc5 Rh4 0-1

[Event "Heraklion Gazi op 13th"]
[Site "Heraklion"]
[Date "2017.07.29"]
[Round "2"]
[White "Kudriashova, Irina"]
[Black "Tsihlis, Ioannis"]
[Result "0-1"]
[WhiteElo "2103"]
[BlackElo "1530"]
[PlyCount "79"]
[EventDate "2017.07.28"]
[EventType "swiss"]
[EventRounds "9"]
[EventCountry "GRE"]
[SourceTitle "CBM 179 Extra"]
[Source "ChessBase"]
[SourceDate "2017.08.23"]
[SourceVersion "1"]
[SourceVersionDate "2017.08.23"]
[SourceQuality "1"]

1. c4 Nf6 2. Nc3 e6 3. e4 d6 4. d4 Be7 5. Nf3 c5 6. Be3 cxd4 7. Nxd4 Nc6 8. Be2 0-0 9. 0-0 e5 10. Nxc6 bxc6 11. Qa4 Bd7 12. Rfd1 d5 13. Bg5 d4 14. Bxf6 Bxf6 15. Nb1 c5 16. Qa3 Qb6 17. Nd2 a5 18. Rab1 Be7 19. g4 Qg6 20. Qg3 Bd6 21. Kh1 Bc6 22. f3 Qh6 23. Nb3 Ba4 24. Rg1 Bxb3 25. axb3 Rfb8 26. g5 Qh5 27. Bd1 h6 28. gxh6 Qxh6 29. Bc2 g6 30. Rg2 Kg7 31. Qg4 Ra7 32. Kg1 Qe3+ 33. Kh1 Qh6 34. Kg1 Qe3+ 35. Kh1 Rh8 36. Rbg1 Be7 37. Qg3 Rh5 38. Re1 Qh6 39. Qg4 Rg5 40. Qc8 0-1

[Event "Rethymno op 3rd"]
[Site "Rethymno"]
[Date "2011.07.18"]
[Round "9"]
[White "Kudriashova, Irina"]
[Black "Khabarov, Sergey"]
[Result "0-1"]
[WhiteElo "2109"]
[BlackElo "2305"]
[PlyCount "74"]
[EventDate "2011.07.11"]
[EventType "swiss"]
[EventRounds "9"]
[EventCountry "GRE"]
[SourceTitle "CBM 143 Extra"]
[Source "ChessBase"]
[SourceDate "2011.08.29"]
[SourceVersion "1"]
[SourceVersionDate "2011.08.29"]
[SourceQuality "1"]

1. e4 c5 2. Nf3 d6 3. c3 Nf6 4. Be2 g6 5. 0-0 Bg7 6. Bb5+ Nc6 7. d4 Qb6 8. Na3 cxd4 9. cxd4 d5 10. exd5 Nxd5 11. Qb3 Be6 12. Ng5 0-0 13. Nxe6 fxe6 14. Bxc6 bxc6 15. Qxb6 axb6 16. Be3 c5 17. Nc2 c4 18. a3 b5 19. Nb4 Nxb4 20. axb4 e5 21. d5 e4 22. Rab1 Ra2 23. Bc5 Rd8 24. Rfd1 Kf7 25. Kf1 Bxb2 26. Re1 c3 27. Re2 Rxd5 28. Rbe1 e5 29. Rc2 Ra4 30. Ke2 Ke6 31. Ke3 Rxc5 32. bxc5 Kd5 33. Rb1 Rb4 34. Rd1+ Kxc5 35. Rd7 Kc4 36. Kxe4 Kb3+ 37. Kd3 e4+ 0-1

[Event "Paleochora op 3rd"]
[Site "Paleochora"]
[Date "2010.07.29"]
[Round "9"]
[White "Kudriashova, Irina"]
[Black "Llaneza Vega, Patricia"]
[Result "1/2-1/2"]
[WhiteElo "2120"]
[BlackElo "2289"]
[PlyCount "148"]
[EventDate "2010.07.22"]
[EventType "swiss"]
[EventRounds "9"]
[EventCountry "GRE"]
[SourceTitle "CBM 137 Extra"]
[Source "ChessBase"]
[SourceDate "2010.09.01"]
[SourceVersion "1"]
[SourceVersionDate "2010.09.01"]
[SourceQuality "1"]

1. e4 c5 2. c3 d5 3. exd5 Qxd5 4. d4 g6 5. Nf3 Bg7 6. Na3 cxd4 7. Bc4 Qe4+ 8. Be3 Nh6 9. Nb5 0-0 10. Bd3 Qg4 11. Bxh6 Bxh6 12. Nc7 dxc3 13. bxc3 Bg7 14. 0-0 Qf4 15. Nxa8 Rd8 16. Qe2 Nc6 17. Rab1 Bg4 18. Qe4 Qxe4 19. Bxe4 Rxa8 20. Rxb7 Rc8 21. c4 Bf6 22. h3 Bxf3 23. Bxf3 a5 24. Rd1 Nb4 25. a3 Nc2 26. Be2 Kg7 27. Rc1 Nd4 28. Bf1 Rc5 29. Bd3 h5 30. Kf1 h4 31. Rcb1 Rc8 32. Rd7 Ne6 33. Rb5 a4 34. Be2 Nc5 35. Ra7 Ne4 36. Rb4 Nc3 37. Bg4 Rc5 38. Bd7 Na2 39. Rbxa4 Nc3 40. Rb4 Na2 41. Bb5 Nxb4 42. axb4 Rf5 43. Ra3 Bd4 44. f3 Be5 45. Re3 Kf6 46. Bc6 Bf4 47. Rd3 Re5 48. Bd7 Bg3 49. Rd1 Re3 50. Rc1 Rb3 51. b5 Rd3 52. Be8 Rd8 53. Bc6 Rd2 54. c5 Rb2 55. Be8 e6 56. c6 Ke7 57. Bd7 Bc7 58. Rc5 Kd8 59. Rc4 Rxb5 60. Rxh4 Rb1+ 61. Ke2 Rb2+ 62. Kf1 Bg3 63. Rh8+ Kc7 64. Rh7 Rf2+ 65. Ke1 Rxf3+ 66. Ke2 Rf2+ 67. Kd3 g5 68. Be8 Bd6 69. g4 Kb6 70. Rxf7 Rxf7 71. Bxf7 Kxc6 72. Bxe6 Bg3 73. Ke4 Kd6 74. Kf5 Bh4 1/2-1/2

[Event "Paleochora op 3rd"]
[Site "Paleochora"]
[Date "2010.07.25"]
[Round "5"]
[White "Kudriashova, Irina"]
[Black "Smirnov, Artem"]
[Result "0-1"]
[WhiteElo "2120"]
[BlackElo "2446"]
[PlyCount "74"]
[EventDate "2010.07.22"]
[EventType "swiss"]
[EventRounds "9"]
[EventCountry "GRE"]
[SourceTitle "CBM 137 Extra"]
[Source "ChessBase"]
[SourceDate "2010.09.01"]
[SourceVersion "1"]
[SourceVersionDate "2010.09.01"]
[SourceQuality "1"]

1. e4 c5 2. c3 Nf6 3. e5 Nd5 4. g3 d6 5. exd6 Qxd6 6. Bg2 Nc6 7. Ne2 Bg4 8. 0-0 e6 9. Na3 Rd8 10. Re1 Be7 11. Qa4 Bxe2 12. Rxe2 Qd7 13. Nc2 0-0 14. Ne3 Nd4 15. Qd1 Nxe2+ 16. Qxe2 Bg5 17. Ng4 Nb6 18. h4 Bxd2 19. Ne5 Qd6 20. Bxb7 Bxc1 21. Rxc1 Qd2 22. Re1 Qxe2 23. Rxe2 Rd1+ 24. Kg2 Rfd8 25. Nf3 Nc4 26. Ba6 Nb6 27. Bb5 Ra1 28. a3 Ra2 29. Rc2 Ra1 30. Nd2 Rd1 31. Nb3 c4 32. Nd4 e5 33. Nf3 f6 34. Re2 Kf8 35. g4 Nd5 36. Kg3 Nf4 37. Rc2 R8d3 0-1

[Event "Paleochora op 3rd"]
[Site "Paleochora"]
[Date "2010.07.22"]
[Round "2"]
[White "Vorobiov, Evgeny E"]
[Black "Kudriashova, Irina"]
[Result "1-0"]
[WhiteElo "2592"]
[BlackElo "2120"]
[PlyCount "69"]
[EventDate "2010.07.22"]
[EventType "swiss"]
[EventRounds "9"]
[EventCountry "GRE"]
[SourceTitle "CBM 137 Extra"]
[Source "ChessBase"]
[SourceDate "2010.09.01"]
[SourceVersion "1"]
[SourceVersionDate "2010.09.01"]
[SourceQuality "1"]

1. e4 c6 2. d4 d5 3. e5 c5 4. dxc5 Nc6 5. Bb5 e6 6. Be3 Nge7 7. c3 Ng6 8. Nf3 Qc7 9. Bd4 Bd7 10. Bxc6 Bxc6 11. Qe2 Ba4 12. b3 Bd7 13. b4 Ba4 14. 0-0 Qc6 15. c4 dxc4 16. Nc3 a6 17. Qxc4 Bb5 18. Nxb5 axb5 19. Qe2 Nf4 20. Qd2 g5 21. Rfd1 Bh6 22. Be3 0-0 23. Bxf4 gxf4 24. Qe2 Qa6 25. Nd4 Rfd8 26. a3 Bg7 27. Nxb5 Rxd1+ 28. Rxd1 Bxe5 29. Qxe5 Qxb5 30. Qg5+ Kh8 31. Qxf4 Qe2 32. Qf3 Qc2 33. g3 f5 34. Rd7 Qc1+ 35. Kg2 1-0

[Event "Rethymno op 2nd"]
[Site "Rethymno"]
[Date "2010.07.18"]
[Round "7"]
[White "Markidis, Konstantinos"]
[Black "Kudriashova, Irina"]
[Result "1-0"]
[WhiteElo "2342"]
[BlackElo "2120"]
[PlyCount "47"]
[EventDate "2010.07.13"]
[EventType "swiss"]
[EventRounds "9"]
[EventCountry "GRE"]
[SourceTitle "CBM 137 Extra"]
[Source "ChessBase"]
[SourceDate "2010.09.01"]
[SourceVersion "1"]
[SourceVersionDate "2010.09.01"]
[SourceQuality "1"]

1. e4 c6 2. d4 d5 3. e5 c5 4. c4 cxd4 5. Nf3 Nc6 6. Nxd4 e6 7. Nc3 Bb4 8. Nxc6 bxc6 9. Bd3 Qa5 10. 0-0 Bxc3 11. bxc3 Qxc3 12. Rb1 Ne7 13. Rb3 Qd4 14. Bb2 Qh4 15. g3 Qh3 16. Ba3 f5 17. exf6 gxf6 18. Qf3 f5 19. Qf4 Qh5 20. Qc7 Qf7 21. Bxe7 Bd7 22. Bd6 Rd8 23. Rb8 Qf6 24. Be5 1-0

[Event "Rethymno op 2nd"]
[Site "Rethymno"]
[Date "2010.07.14"]
[Round "2"]
[White "Kudriashova, Irina"]
[Black "D'Costa, Lorin AR"]
[Result "0-1"]
[WhiteElo "2120"]
[BlackElo "2456"]
[PlyCount "52"]
[EventDate "2010.07.13"]
[EventType "swiss"]
[EventRounds "9"]
[EventCountry "GRE"]
[SourceTitle "CBM 137 Extra"]
[Source "ChessBase"]
[SourceDate "2010.09.01"]
[SourceVersion "1"]
[SourceVersionDate "2010.09.01"]
[SourceQuality "1"]

1. e4 c5 2. c3 d5 3. exd5 Qxd5 4. d4 g6 5. Nf3 Bg7 6. dxc5 Qxc5 7. Be3 Qa5 8. Bc4 Nf6 9. 0-0 0-0 10. h3 Nc6 11. Nbd2 Qc7 12. Qe2 b6 13. Rad1 Bb7 14. Bg5 h6 15. Bh4 Nh5 16. Rfe1 e6 17. Ne4 Na5 18. Bb5 a6 19. Rd7 Qb8 20. Ba4 b5 21. Bc2 Bc6 22. Nc5 Nb7 23. Rxb7 Bxb7 24. Nd7 Qc7 25. Nxf8 Rxf8 26. Ne5 Nf4 0-1

[Event "Nezhmetdinov Memorial 30th"]
[Site "Kazan"]
[Date "2008.06.09"]
[Round "9"]
[White "Demanov, Aleksandr"]
[Black "Kudriashova, Irina"]
[Result "1-0"]
[WhiteElo "2045"]
[BlackElo "2197"]
[PlyCount "65"]
[EventDate "2008.06.01"]
[EventType "swiss"]
[EventRounds "9"]
[EventCountry "RUS"]
[SourceTitle "EXT 2009"]
[Source "ChessBase"]
[SourceDate "2008.11.26"]
[SourceVersion "1"]
[SourceVersionDate "2008.11.26"]
[SourceQuality "1"]

1. e4 d5 2. exd5 Nf6 3. c4 c6 4. Nc3 cxd5 5. d4 e6 6. Nf3 Bb4 7. a3 Bxc3+ 8. bxc3 Ne4 9. Qc2 Qa5 10. Bb2 0-0 11. Bd3 f5 12. 0-0 Bd7 13. cxd5 Ba4 14. Qe2 exd5 15. c4 Nd7 16. Ne5 Rae8 17. Rac1 Nd6 18. Rfe1 Qd8 19. cxd5 Bb3 20. Qf3 Nb6 21. Rc5 Na4 22. Ba1 Nxc5 23. dxc5 Nf7 24. d6 Nxe5 25. Rxe5 Rxe5 26. Bxe5 Be6 27. Qxb7 Rf7 28. Qa6 Bc8 29. Qa4 Bd7 30. c6 Be6 31. c7 Qa8 32. Bc4 Qe4 33. Qe8+ 1-0

[Event "Moscow op-C 04th (Women)"]
[Site "Moscow"]
[Date "2008.02.08"]
[Round "7"]
[White "Kudriashova, Irina"]
[Black "Grabuzova, Tatiana"]
[Result "0-1"]
[WhiteElo "2192"]
[BlackElo "2392"]
[PlyCount "58"]
[EventDate "2008.02.02"]
[EventType "swiss"]
[EventRounds "9"]
[EventCountry "RUS"]
[SourceTitle "CBM 122 Extra"]
[Source "ChessBase"]
[SourceDate "2008.03.04"]
[SourceVersion "1"]
[SourceVersionDate "2008.03.04"]
[SourceQuality "1"]

1. c4 b6 2. Nc3 Bb7 3. e4 e6 4. d4 Bb4 5. f3 f5 6. exf5 Nh6 7. Bxh6 Qh4+ 8. g3 Qxh6 9. Qd2 Qxd2+ 10. Kxd2 Nc6 11. Kd3 0-0-0 12. Bh3 Kb8 13. Nge2 Rhe8 14. Rad1 Ba6 15. b3 exf5 16. Bxf5 d5 17. Kc2 Bxc3 18. Nxc3 g6 19. Bg4 dxc4 20. d5 cxb3+ 21. axb3 Nb4+ 22. Kb1 Re3 23. Kb2 h5 24. Be6 Rxf3 25. Rd2 Rdf8 26. Rhd1 Re3 27. Bh3 Nd3+ 28. Kc2 Nf2 29. d6 cxd6 0-1

[Event "Moscow op-C 04th (Women)"]
[Site "Moscow"]
[Date "2008.02.07"]
[Round "6"]
[White "Dzhabrailova, Inara"]
[Black "Kudriashova, Irina"]
[Result "0-1"]
[WhiteElo "2065"]
[BlackElo "2192"]
[PlyCount "52"]
[EventDate "2008.02.02"]
[EventType "swiss"]
[EventRounds "9"]
[EventCountry "RUS"]
[SourceTitle "CBM 122 Extra"]
[Source "ChessBase"]
[SourceDate "2008.03.04"]
[SourceVersion "1"]
[SourceVersionDate "2008.03.04"]
[SourceQuality "1"]

1. e4 d5 2. exd5 Nf6 3. d4 Nxd5 4. c4 Nb6 5. Nc3 e5 6. dxe5 Qxd1+ 7. Kxd1 Nc6 8. Bf4 Be6 9. Nf3 0-0-0+ 10. Ke1 Nxc4 11. b3 Bb4 12. Rc1 Na3 13. Bd2 Nd4 14. Ne4 Bxd2+ 15. Nfxd2 Kb8 16. f4 Nac2+ 17. Kf2 Nb4 18. a3 Nbc2 19. a4 Nb4 20. h3 a5 21. Nc5 b6 22. Nxe6 Nxe6 23. Nf3 Nxf4 24. Kg3 Nfd3 25. Rd1 h6 26. Bxd3 Rxd3 0-1

[Event "Moscow op-C 04th (Women)"]
[Site "Moscow"]
[Date "2008.02.05"]
[Round "4"]
[White "Ognerubova, Anastasia"]
[Black "Kudriashova, Irina"]
[Result "0-1"]
[WhiteElo "2041"]
[BlackElo "2192"]
[PlyCount "56"]
[EventDate "2008.02.02"]
[EventType "swiss"]
[EventRounds "9"]
[EventCountry "RUS"]
[SourceTitle "CBM 122 Extra"]
[Source "ChessBase"]
[SourceDate "2008.03.04"]
[SourceVersion "1"]
[SourceVersionDate "2008.03.04"]
[SourceQuality "1"]

1. e4 c6 2. d4 d5 3. exd5 cxd5 4. Bd3 Nc6 5. c3 Nf6 6. Nf3 Bg4 7. Bf4 e6 8. Nbd2 Bd6 9. Bg5 0-0 10. Qb3 a6 11. 0-0 b5 12. Rfe1 Bxf3 13. Nxf3 b4 14. Ne5 Na5 15. Qc2 h6 16. Bxf6 gxf6 17. Ng4 f5 18. Ne5 Qg5 19. Qa4 Nc4 20. Bxc4 dxc4 21. Nxc4 Be7 22. cxb4 Kh8 23. Ne5 f4 24. a3 Rad8 25. Qxa6 Bd6 26. Qe2 Qg7 27. b5 Rg8 28. f3 f6 0-1

[Event "Internet Section 09B g/8'+2\""]
[Site "Dos Hermanas"]
[Date "2004.03.09"]
[Round "4"]
[White "Pihlajasalo, Hannu"]
[Black "Kudriashova, Irina"]
[Result "0-1"]
[WhiteElo "2214"]
[BlackElo "2204"]
[PlyCount "110"]
[EventDate "2004.03.09"]
[EventType "swiss (blitz)"]
[EventRounds "9"]
[EventCountry "ESP"]
[SourceTitle "CBM 099 Extra"]
[Source "ChessBase"]
[SourceDate "2004.05.04"]
[SourceVersion "1"]
[SourceVersionDate "2004.05.04"]
[SourceQuality "1"]

1. d4 f5 2. c4 Nf6 3. Nc3 e6 4. e3 Bb4 5. Bd2 b6 6. f4 Bb7 7. Nf3 0-0 8. Be2 Qe7 9. 0-0 d6 10. Nb1 Bxd2 11. Nbxd2 Nbd7 12. Qb3 Kh8 13. Rae1 e5 14. fxe5 dxe5 15. Nxe5 Nxe5 16. dxe5 Qxe5 17. Bf3 Rad8 18. Qc2 Ng4 19. g3 Bxf3 20. Nxf3 Qe4 21. Qxe4 fxe4 22. Ng5 Rxf1+ 23. Rxf1 Kg8 24. Ne6 Rc8 25. Rf4 Nxe3 26. Rxe4 Nd1 27. Rd4 Nxb2 28. Rd7 Re8 29. Nxc7 Re2 30. Nd5 Nxc4 31. Rxa7 b5 32. Nc3 Rb2 33. Rb7 Nd2 34. Nxb5 Nf3+ 35. Kf1 Nxh2+ 36. Ke1 Nf3+ 37. Kd1 Rxa2 38. Kc1 Ra6 39. Nc7 Rg6 40. Nd5 Rxg3 41. Ne7+ Kf8 42. Nf5 Rg2 43. Nd6 Ne5 44. Rb8+ Ke7 45. Nf5+ Ke6 46. Nd4+ Kf6 47. Rf8+ Kg6 48. Re8 Ng4 49. Re6+ Nf6 50. Re7 h5 51. Ne6 Kh6 52. Rf7 h4 53. Nxg7 h3 54. Nf5+ Kg6 55. Nh4+ Kxf7 0-1

[Event "Moscow-ch (Women)"]
[Site "Moscow"]
[Date "2000.??.??"]
[Round "7"]
[White "Potikhoshkina, Nadezhda Viktorovna"]
[Black "Kudriashova, Irina"]
[Result "1/2-1/2"]
[WhiteElo "2195"]
[BlackElo "2206"]
[PlyCount "72"]
[EventDate "2000.??.??"]
[EventType "swiss"]
[EventRounds "9"]
[EventCountry "RUS"]
[SourceTitle "EXT 2001"]
[Source "ChessBase"]
[SourceDate "2000.11.22"]
[SourceVersion "1"]
[SourceVersionDate "2000.11.22"]
[SourceQuality "1"]

1. e4 c6 2. d4 d5 3. Nd2 dxe4 4. Nxe4 Nd7 5. Ng5 Ngf6 6. Bd3 e6 7. N1f3 Bd6 8. Qe2 h6 9. Ne4 Nxe4 10. Qxe4 Nf6 11. Qe2 Qc7 12. Bd2 b6 13. 0-0-0 Bb7 14. Ne5 c5 15. Bb5+ Ke7 16. dxc5 Qxc5 17. a3 Qc7 18. Bf4 Nd5 19. Bg3 Rhd8 20. Kb1 a6 21. Bd3 b5 22. Rhe1 Kf8 23. Qg4 Kg8 24. Bg6 f5 25. Qh4 Rac8 26. Rd2 f4 27. Bxf4 Nxf4 28. Qxf4 Bxe5 29. Rxd8+ Rxd8 30. Qxe5 Qxe5 31. Rxe5 Bxg2 32. b3 Bd5 33. f4 Kf8 34. h4 Ke7 35. h5 Kd6 36. Re2 Rc8 1/2-1/2

[Event "Moscow-ch (Women)"]
[Site "Moscow"]
[Date "1997.??.??"]
[Round "2"]
[White "Dorofeeva, Anna"]
[Black "Kudriashova, Irina"]
[Result "0-1"]
[WhiteElo "2285"]
[BlackElo "2085"]
[PlyCount "64"]
[EventDate "1997.??.??"]
[EventType "tourn"]
[EventRounds "11"]
[EventCountry "RUS"]
[SourceTitle "EXT 2000"]
[Source "ChessBase"]
[SourceDate "1999.11.16"]
[SourceVersion "1"]
[SourceVersionDate "1999.11.16"]
[SourceQuality "1"]

1. e4 c6 2. d4 d5 3. e5 Bf5 4. Nf3 e6 5. Be2 c5 6. Be3 Nd7 7. 0-0 Ne7 8. c4 dxc4 9. Na3 c3 10. Nc4 Nd5 11. Qb3 b5 12. Na3 c4 13. Qxb5 Rb8 14. Qxc4 cxb2 15. Rab1 Bxa3 16. Bd3 Rc8 17. Qa6 Bxd3 18. Qxd3 Rc3 19. Qd2 0-0 20. h4 Qc7 21. Ng5 N7b6 22. Qe2 Nc4 23. Qh5 h6 24. Ne4 Ncxe3 25. fxe3 Rc1 26. Nf6+ Nxf6 27. exf6 Qg3 28. fxg7 Qxg7 29. Qe2 Rfc8 30. Qd3 Qg6 31. e4 R8c3 32. Qe2 R1c2 0-1

[Event "Moscow-ch (Women)"]
[Site "Moscow"]
[Date "1997.??.??"]
[Round "10"]
[White "Kudriashova, Irina"]
[Black "Grabuzova, Tatiana"]
[Result "0-1"]
[WhiteElo "2085"]
[BlackElo "2315"]
[PlyCount "112"]
[EventDate "1997.??.??"]
[EventType "tourn"]
[EventRounds "11"]
[EventCountry "RUS"]
[SourceTitle "EXT 2000"]
[Source "ChessBase"]
[SourceDate "1999.11.16"]
[SourceVersion "1"]
[SourceVersionDate "1999.11.16"]
[SourceQuality "1"]

1. e4 e6 2. d4 d5 3. Nc3 Nf6 4. Bg5 Bb4 5. exd5 Qxd5 6. Bxf6 Bxc3+ 7. bxc3 gxf6 8. Qd2 Qa5 9. Ne2 Bd7 10. Ng3 Bc6 11. f3 Nd7 12. Bd3 0-0-0 13. 0-0 Nb6 14. Ne4 f5 15. Ng5 Rd7 16. Qe1 Kb8 17. c4 Qxe1 18. Raxe1 h6 19. d5 hxg5 20. dxc6 bxc6 21. Rb1 Ka8 22. g4 Rd4 23. gxf5 exf5 24. c5 Na4 25. Bxf5 Nxc5 26. Be4 Nxe4 27. fxe4 Rxe4 28. Rxf7 Rg4+ 29. Kf1 Rc4 30. Rxc7 Rxc2 31. Re1 Rcxh2 32. Re2 Rh1+ 33. Kf2 R1h2+ 34. Kf1 Rxe2 35. Kxe2 Rh2+ 36. Kf3 Rxa2 37. Rxc6 Ra5 38. Rc7 Kb8 39. Rg7 Re5 40. Kg4 a5 41. Rf7 a4 42. Rf3 Kb7 43. Ra3 Ra5 44. Kf3 Kb6 45. Ke4 Kc5 46. Kd3 Kb4 47. Ra1 a3 48. Rb1+ Kc5 49. Rc1+ Kd6 50. Ra1 a2 51. Ke4 Ra4+ 52. Kf3 Ke5 53. Ke3 g4 54. Ke2 Ke4 55. Kf2 Kd3 56. Kg3 Kc2 0-1

[Event "RUS-ch (Women) sf"]
[Site "Kolontaevo"]
[Date "1997.??.??"]
[Round "?"]
[White "Kulish, Oksana"]
[Black "Kudriashova, Irina"]
[Result "0-1"]
[WhiteElo "2160"]
[BlackElo "2085"]
[PlyCount "126"]
[EventDate "1997.??.??"]
[EventType "swiss"]
[EventRounds "9"]
[EventCountry "RUS"]
[SourceTitle "EXT 1999"]
[Source "ChessBase"]
[SourceDate "1998.11.16"]
[SourceVersion "1"]
[SourceVersionDate "1998.11.16"]
[SourceQuality "1"]

1. e4 c6 2. c4 d5 3. cxd5 cxd5 4. exd5 Nf6 5. Bb5+ Nbd7 6. Nc3 g6 7. Nf3 Bg7 8. d4 0-0 9. d6 exd6 10. 0-0 d5 11. Bf4 Nb6 12. h3 Bf5 13. a4 Rc8 14. Rc1 a6 15. Bd3 Ne4 16. Bxe4 dxe4 17. Ne5 Nd5 18. Bh2 Bh6 19. g4 Bxc1 20. Qxc1 Be6 21. Qh6 Nxc3 22. bxc3 Rxc3 23. Rd1 Qe8 24. d5 Qxa4 25. Re1 Bxd5 26. Nxg6 fxg6 27. Be5 Rc7 28. Bxc7 Qd4 29. Bg3 Bc6 30. Qc1 Rf3 31. Re3 Rf7 32. Qc2 Rd7 33. Qb3+ Qd5 34. Qc3 Qd4 35. Qb3+ Bd5 36. Qc2 Qc4 37. Qb2 Bc6 38. Qf6 Rd1+ 39. Kh2 Qf7 40. Qc3 Rd7 41. Qe5 Re7 42. Qc3 Bb5 43. Bh4 Re8 44. Kg2 Qd7 45. Qb3+ Qe6 46. Qb2 Qd5 47. Qc3 Qc4 48. Qa1 Bc6 49. Kh2 Qd5 50. Bg3 a5 51. Qf6 a4 52. h4 a3 53. h5 gxh5 54. gxh5 Re6 55. Qf4 Qxh5+ 56. Bh4 Qf7 57. Qxf7+ Kxf7 58. Rxa3 Rd6 59. Bg3 Rd1 60. Kh3 h5 61. Bf4 Rh1+ 62. Bh2 Ke6 63. Re3 Kd5 0-1